Growing minds : cognitive development in early childhood /

This film examines the work of Lev Vygotsky and Jean Piaget, illuminating the similarities and differences of their contributions to our understanding of the cognitive development of young children. Dr. Elkind uses their research and his own work to look at three aspects of intellectual growth: reas...

Full description

Bibliographic Details
Main Author: Elkind, David, 1931-
Other Authors: Davidson, Hannah Frances, 1860-1935, Davidson, John
Format: Video
Language:English
Language Notes:English.
Published: San Luis Obispo, CA : Davidson Films, Inc., 1996.
Series:Education in video.
Subjects:
Online Access:Connect to this streaming video (Alexander Street Press)

MARC

Tag First Indicator Second Indicator Subfields
LEADER 00000cgm a2200000Mi 4500
001 in00005544549
006 m o c
007 vz |zazu|
007 cr |n|---||a|a
008 080405s1996 cau024 g o vleng d
005 20241201230102.5
035 |a (OCoLC)ocn733445883 
040 |a ALSTP  |b eng  |e pn  |c ALSTP  |d OCLCQ  |d VMC  |d OCLCQ  |d OCLCO  |d OCLCQ  |d OCLCO  |d OCLCQ  |d OCLCF  |d OCLCQ  |d MNI  |d INT  |d OCLCQ  |d WYU  |d AU@  |d OCL  |d UHL  |d SFB  |d HS0  |d AZU  |d OCLCO  |d OCLCQ  |d OCLCL  |d OCLCQ 
019 |a 773480938  |a 827891721  |a 1096570844  |a 1113218604  |a 1227636506  |a 1269044654  |a 1273036895  |a 1352982087  |a 1373523595  |a 1406329791  |a 1418770837 
035 |a (OCoLC)733445883  |z (OCoLC)773480938  |z (OCoLC)827891721  |z (OCoLC)1096570844  |z (OCoLC)1113218604  |z (OCoLC)1227636506  |z (OCoLC)1269044654  |z (OCoLC)1273036895  |z (OCoLC)1352982087  |z (OCoLC)1373523595  |z (OCoLC)1406329791  |z (OCoLC)1418770837 
050 4 |a AE5  |b .A940 Internet 
082 0 4 |a 155.423  |q OCoLC 
049 |a TXAM 
100 1 |a Elkind, David,  |d 1931-  |1 https://id.oclc.org/worldcat/entity/E39PBJvCPkPJtybvy3PQQfJkXd 
245 1 0 |a Growing minds :  |b cognitive development in early childhood /  |c by David Elkind. 
260 |a San Luis Obispo, CA :  |b Davidson Films, Inc.,  |c 1996. 
300 |a 1 online resource (24 min.) 
306 |a 002420 
336 |a two-dimensional moving image  |b tdi  |2 rdacontent 
337 |a computer  |b c  |2 rdamedia 
338 |a online resource  |b cr  |2 rdacarrier 
347 |a data file  |2 rda 
520 |a This film examines the work of Lev Vygotsky and Jean Piaget, illuminating the similarities and differences of their contributions to our understanding of the cognitive development of young children. Dr. Elkind uses their research and his own work to look at three aspects of intellectual growth: reasoning, visual perception, and language use. Children are seen both in interview situations and busily participating in an accredited child care center to illustrate Dr. Elkind's points about their ever-changing intellectual abilities. 
546 |a English. 
588 0 |a Print version record. 
600 1 0 |a Vygotskiĭ, L. S.  |q (Lev Semenovich),  |d 1896-1934. 
600 1 0 |a Piaget, Jean,  |d 1896-1980. 
600 1 7 |a Piaget, Jean,  |d 1896-1980.  |2 fast  |0 (OCoLC)fst00028859  |1 https://id.oclc.org/worldcat/entity/E39PBJkdkQ4C4qRYqdfkbqbTpP 
600 1 7 |a Vygotskiĭ, L. S.  |q (Lev Semenovich),  |d 1896-1934.  |2 fast  |0 (OCoLC)fst00112375  |1 https://id.oclc.org/worldcat/entity/E39PBJqFPCfM7VGRbFDKCmwjYP 
653 0 |a School and Educational Psychology 
653 0 |a Foundations of Education 
653 0 |a Learning Styles 
655 0 |a Educational. 
655 4 |a Alexander Street Video. 
655 7 |a Educational.  |2 lcgft 
700 1 |a Davidson, Hannah Frances,  |d 1860-1935.  |1 https://id.oclc.org/worldcat/entity/E39PBJwhCDyDKfQVjDM6TmQ8YP 
700 1 |a Davidson, John. 
776 0 8 |i Print version:  |a Elkind, David, 1931-  |t Growing minds.  |d San Luis Obispo, CA : Davidson Films, Inc., 1996 publishers catalog number  |o 1-891340-48-4 
830 0 |a Education in video. 
856 4 0 |u http://proxy.library.tamu.edu/login?url=https://www.aspresolver.com/aspresolver.asp?AVN2;1780113  |z Connect to this streaming video (Alexander Street Press)  |t 0 
955 |a Alexander Street Press subscription streaming video 
994 |a 92  |b TXA 
999 f f |s ff3c47b7-b7a2-4737-b940-bbc4de42aaed  |i 24c7490e-a605-42dd-a1c2-4e21b1acb574  |t 0 
952 f f |a Texas A&M University  |b College Station  |c Electronic Resources  |d Available Online  |t 0  |e AE5 .A940 Internet  |h Library of Congress classification 
998 f f |a AE5 .A940 Internet  |t 0  |l Available Online